000
002890000a22000970004500
100
1
_a
Howard, David M.
245
1
0
_a
Los niños de la calle requieren nuestra mayor atención
300
_a
Vol. 76, Num 3 (Julio-Septiambre, 1996), Página 4
773
0
_t
Latin America Evangelist
942
_c
ANA
999
_c
54971
_d
54971